MARC details
| 000 -LEADER |
| campo de control de longitud fija |
02452cas a2200637 i 4500 |
| 001 - NÚMERO DE CONTROL |
| campo de control |
196927 |
| 003 - IDENTIFICADOR DE NÚMERO DE CONTROL |
| campo de control |
ES-MaACL |
| 005 - FECHA Y HORA DE LA ÚLTIMA TRANSACCIÓN |
| campo de control |
20250806052103.0 |
| 007 - CAMPO FIJO DE DESCRIPCIÓN FÍSICA--INFORMACIÓN GENERAL |
| campo de control de longitud fija |
ta |
| 008 - DATOS DE LONGITUD FIJA--INFORMACIÓN GENERAL |
| campo de control de longitud fija |
250214c19099999sp mr p 0uuub0mul |
| 010 ## - NÚMERO DE CONTROL DE LA BIBLIOTECA DEL CONGRESO |
| Número de control de LC |
c |
| Número de control de NUCMC |
3 |
| 016 7# - NÚMERO DE CONTROL DE UNA AGENCIA BIBLIOGRÁFICA NACIONAL |
| Número de control del registro |
biseBNE19940004598 |
| Fuente |
SpMaBN |
| Número de control cancelado/no válido |
RECBI000602 |
| 017 ## - NÚMERO DE COPYRIGHT O DE DEPÓSITO LEGAL |
| Número de copyright o de depósito legal |
B 17377-2013 |
| Agencia que asigna |
Oficina Depósito Legal Barcelona |
| 022 0# - NÚMERO INTERNACIONAL NORMALIZADO PARA PUBLICACIONES SERIADAS |
| Número Internacional Normalizado para Publicaciones Seriadas |
0001-7310 |
| Fuente |
_j |
| 035 ## - NÚMERO DE CONTROL DEL SISTEMA |
| Número de control de sistema |
00000602 |
| 035 ## - NÚMERO DE CONTROL DEL SISTEMA |
| Número de control de sistema |
(OCoLC)60842658 |
| 035 ## - NÚMERO DE CONTROL DEL SISTEMA |
| Número de control de sistema |
(SpMaBN)bise0000180208 |
| 035 ## - NÚMERO DE CONTROL DEL SISTEMA |
| Número de control de sistema |
991054331079708606 |
| 037 ## - FUENTE DE ADQUISICIÓN |
| Fuente del número de adquisición |
Travesera de Gracia, 17-21, 08021; tf. 932000711, fax 932091136; c.e.: suscripciones@doyma.es; p. web: www.doyma.es/ad |
| 040 ## - FUENTE DE CATALOGACIÓN |
| Centro catalogador/agencia de origen |
SpMaBN |
| Lengua de catalogación |
spa |
| Centro/agencia transcriptor |
SpMaBN |
| Normas de descripción |
rdc |
| 041 0# - CÓDIGO DE IDIOMA |
| Código de lengua del sumario o resumen |
eng |
| 080 ## - NÚMERO DE LA CLASIFICACIÓN DECIMAL UNIVERSAL |
| Número de la Clasificación Decimal Universal |
616.972 |
| 080 ## - NÚMERO DE LA CLASIFICACIÓN DECIMAL UNIVERSAL |
| Número de la Clasificación Decimal Universal |
616.5 |
| 130 0# - ENTRADA PRINCIPAL--TÍTULO UNIFORME |
| Título uniforme |
Actas dermo-sifiliográficas (Ed. impresa) |
| 9 (RLIN) |
239616 |
| 210 0# - TÍTULO ABREVIADO |
| Título abreviado |
Actas dermo-sifiliogr. |
| Información calificativa |
Ed. imp. |
| 222 #0 - TÍTULO CLAVE |
| Título clave |
Actas dermo-sifiliográficas |
| Información calificativa |
Ed. impresa |
| 245 10 - MENCIÓN DEL TÍTULO |
| Título |
Actas dermo-sifiliográficas / |
| Mención de responsabilidad, etc. |
publicadas por la Sociedad de Dermatología y Sifiliografía. |
| 246 3# - FORMA VARIANTE DEL TITULO |
| Título propio/Titulo breve |
Actas dermosifiliográficas |
| 260 ## - PUBLICACIÓN, DISTRIBUCIÓN, ETC. |
| Lugar de publicación, distribución, etc. |
Madrid : |
| Nombre del editor, distribuidor, etc. |
Garsi, |
| Fecha de publicación, distribución, etc. |
1909- |
| 260 2# - PUBLICACIÓN, DISTRIBUCIÓN, ETC. |
| Materiales especificados |
200u-2005 |
| Lugar de publicación, distribución, etc. |
Barcelona : |
| Nombre del editor, distribuidor, etc. |
Doyma |
| 260 3# - PUBLICACIÓN, DISTRIBUCIÓN, ETC. |
| Materiales especificados |
2006- |
| Lugar de publicación, distribución, etc. |
Barcelona : |
| Nombre del editor, distribuidor, etc. |
Elsevier España |
| 300 ## - DESCRIPCIÓN FÍSICA |
| Extensión |
v. ; |
| Dimensiones |
25 cm. |
| 310 ## - PERIODICIDAD ACTUAL |
| Periodicidad actual |
10 n. al año |
| 336 ## - TIPO DE CONTENIDO |
| Fuente |
rdacontent |
| Término de tipo de contenido |
texto |
| 337 ## - TIPO DE MEDIO |
| Fuente |
rdamedia |
| Nombre/término del tipo de medio |
sin mediación |
| 338 ## - TIPO DE SOPORTE |
| Fuente |
rdacarrier |
| Nombre/término del tipo de soporte |
volumen |
| 362 0# - FECHAS DE PUBLICACIÓN Y/O DESIGNACIÓN SECUENCIAL |
| Fecha de publicación y/o designación secuencial |
N. 1 (mayo 1909)- |
| 510 ## - NOTA DE CITAS O REFERENCIAS BIBLIOGRÁFICAS |
| Nombre de la fuente |
CPPBAM, |
| Localización dentro de la fuente |
12 |
| 515 ## - NOTA DE PECULIARIDADES DE LA NUMERACIÓN |
| Nota de peculiaridades de la numeración |
A partir de <1990> cambia la denominación de año numérico por la de volumen |
| 530 ## - NOTA DISPONIBLE DE FORMULARIO FÍSICO ADICIONAL |
| Nota de formato físico adicional disponible |
Disponible también en Internet con el mismo título desde 1996 |
| 530 ## - NOTA DISPONIBLE DE FORMULARIO FÍSICO ADICIONAL |
| Nota de formato físico adicional disponible |
También ed. acumulativa desde 1998 en CD-ROM |
| 546 ## - NOTA DE IDIOMA |
| Nota de lengua/lenguaje |
Resúmenes en inglés |
| 550 ## - NOTA DE ENTIDAD RESPONSABLE |
| Nota de entidad responsable |
AEDV |
| 597 ## - NOTA DE DESCRIPCIÓN FÍSICA |
| Nota de descripción física |
Variaciones en el formato |
| 650 #7 - PUNTO DE ACCESO ADICIONAL DE MATERIA--TÉRMINO DE MATERIA |
| Término de materia o nombre geográfico como elemento de entrada |
Enfermedades de transmisión sexual |
| Fuente del encabezamiento o término |
embne |
| 9 (RLIN) |
12260 |
| 650 #4 - PUNTO DE ACCESO ADICIONAL DE MATERIA--TÉRMINO DE MATERIA |
| Término de materia o nombre geográfico como elemento de entrada |
Dermatología |
| Fuente del encabezamiento o término |
embne |
| 9 (RLIN) |
11784 |
| 655 #7 - TERMINO DE INDIZACIÓN--GENERO/FORMA |
| 9 (RLIN) |
226866 |
| Datos o término principal de género/forma |
Revistas |
| 710 2# - ENTRADA AGREGADA--NOMBRE DE ENTIDAD CORPORATIVA |
| Nombre de entidad corporativa o nombre de jurisdicción como elemento de entrada |
Academia Española de Dermatología y Venereología |
| 9 (RLIN) |
239617 |
| 776 1# - ENTRADA DE FORMULARIO FÍSICO ADICIONAL |
| Título |
Actas dermo-sifiliográficas (Internet) = |
| Número Internacional Normalizado para Publicaciones Seriadas |
ISSN 1578-2190 |
| biblionumber |
196926 |
| Número de control del registro |
196926 |
| 852 ## - LOCALIZACIÓN |
| Ubicación |
ES-MaACL |
| Ubicación en estantería |
Depósito 1 |
| Número de control de estantería |
HEM-143 |
| Nota libre |
Muerta |
| itemnumber |
19 |
| 856 4# - LOCALIZACIÓN Y ACCESO ELECTRÓNICOS |
| Identificador Uniforme de Recursos |
<a href="https://dialnet.unirioja.es/servlet/revista?codigo=15834">https://dialnet.unirioja.es/servlet/revista?codigo=15834</a> |
| Texto de enlace |
Sumarios de la revista en Dialnet |
| 866 ## - MENCIÓN TEXTUAL DE FONDOS--UNIDAD BIBLIOGRÁFICA BÁSICA |
| Fondos |
(1924),(1947-1948) |
| 942 ## - ELEMENTOS DE ENTRADA SECUNDARIOS (KOHA) |
| Fuente del sistema de clasificación o colocación |
Clasificación decimal universal |
| Suprimir en OPAC |
No |
| Tipo de ítem Koha |
Revista |
| 955 ## - CATALOGADOR - EDICIÓN |
| Nombre de catalogador |
Pilar Fernández Vera |